Manchester United Old and new Player Names Part 2 - Statistics

General Stats
  • This quiz has been taken 76 times
  • The average score is 3 of 7
Answer Stats
Hint Answer % Correct
Ex MU Player: I am an angel Ángel Di María
72%
I can't see Daley Blind
66%
Ex MU Player: I am the greatest English player of all time David Beckham
51%
Lets go to the shore Luke Shaw
37%
I have the most popular last name like come on Phil Jones
37%
I like to foul a lot Ander Herrera
14%
Lets go to the pool Regan Poole
9%
No matching quizzes found
Score Distribution
Percent of People with Each Score
Percentile by Number Answered
Your Score History
You have not taken this quiz